Summa Artis : historia general del arte : Museo del Prado /

Gespeichert in:
Bibliographische Detailangaben
Weitere Verfasser: Santos Garaicoechea, Carmen (dir.) Dirigiert von, Viñas, Laura (realización) (realización), Castro, Miguel (guión) (guión), González Merchán, Antonio (fotógrafo) (fotógrafo), Hermo, Isaac (montaje) (montaje), Sastre, Pablo (montaje) (montaje), Asín, Neus (conducción) (conducción)
Format: Dia
Sprache:Spanisch
Veröffentlicht: Madrid, España : Espasa-Calpe, 2002, c2002
Madrid, España : Espasa-Calpe [dist.], 2006, c2006
Schriftenreihe:(Summa Artis. DVD)
Schlagworte:
Tags: Tag hinzufügen
Keine Tags, Fügen Sie das erste Tag hinzu!

MARC

LEADER 00000ngm^a2200000^a^4500
001 000286863
005 20250521000000.0
009 20260310111821.634
037 |a Acervo ITESO - Biblioteca 
041 |a ESP 
082 |a 709.  |b SUM DVD V. 1 
100 |a Santos Garaicoechea, Carmen  |e (dir.) 
240 1 1 |a [Summa Artis: historia general del arte] 
240 1 1 |a [Summa Artis: historia general del arte: DVD] 
245 1 0 |a Summa Artis :  |b historia general del arte : Museo del Prado /  |c Dir. de C. Santos Garaicoechea ; realización de L. Viñas. 
246 2 |a Título en la pantalla: Museo del Prado 
264 4 |a Madrid, España :  |b Espasa-Calpe,  |c 2002, c2002 
264 4 |a Madrid, España :  |b Espasa-Calpe [dist.],  |c 2006, c2006 
300 |a 1 DVD sin dato de región PAL  |c (47 min.) 
336 |a imagen móvil bidimensional  |b tdi  |2 rdacontenido 
337 |a video  |b v  |2 rdamedio 
338 |a videodisco  |b vd  |2 rdasoporte 
440 1 |a (Summa Artis.  |p DVD) 
649 |a XX 
650 |a Museo del Prado -  |x Tema Principal 
650 |a Museos y Galerías -  |z Madrid, España -  |x Historia 
650 |a Museos y Galerías -  |z Madrid, España -  |x Colecciones 
650 |a Museos y Galerías -  |z España -  |x Historia 
650 |a Museos y Galerías -  |z España -  |x Colecciones 
650 |a Pintura -  |z España -  |x Historia y Crítica 
650 |a Pintura -  |z España -  |x Colecciones 
650 |a Pintura -  |x Historia y Crítica 
650 |a Pintura -  |x Colecciones 
650 |a Arte -  |z España -  |x Historia y Crítica 
650 |a Arte -  |z España -  |x Colecciones 
650 |a Arte -  |x Historia y Crítica 
650 |a Arte -  |x Colecciones 
700 |a Viñas, Laura  |e (realización) 
700 |a Castro, Miguel  |e (guión) 
700 |a González Merchán, Antonio  |e (fotógrafo) 
700 |a Hermo, Isaac  |e (montaje) 
700 |a Sastre, Pablo  |e (montaje) 
700 |a Asín, Neus  |e (conducción) 
910 |a Fondo General 
920 |a Audiovisuales - DVDs 
905 |a 308 
901 |a 0500149598  |b IT2  |c DVR  |u 20250521 
901 |a 0500171162  |b IT2  |c DVR  |u 20250521 
902 |a https://opac.biblio.iteso.mx/vufind/Record/000286863